000 00573nam a2200217Ia 4500
003 OSt
005 20221002054746.0
006 a|||||r|||| 00| 0
007 ta
008 220930b |||||||| |||| 00| 0 eng d
024 _a70283
037 _cReference Collections
040 _aCRL
_cCRL
_beng
041 _2eng
_aeng
082 _aG:55k, L7(RR)
100 _aAllaby Michael Au.
_9576202
245 0 _aDictionary of the enviroment
260 _c1977
942 _hG:55k, L7(RR)
_cref
_2CC
999 _c925756
_d925756